000 003630000a22001690004500
005 20120302061809.0
942 _cBOOK
100 _a Yogendra
245 _a Yoga:Hygiene Simplified
260 _aMumbai:Yoga Institute,1972.
300 _a155p.
490 _aYoga Studies
040 _aENG
650 _aReligion
650 _aYoga
650 _aHygine-yoga
999 _c354923
_d354920